[Event "POL-chT3 Kujawsko Pomorskie 0708"]
[Site "Poland"]
[Date "2008.01.27"]
[Round "6.14"]
[White "Karpinski, Bartlomiej"]
[Black "Borowski, Piotr"]
[Result "1-0"]
[WhiteElo "1839"]
[BlackElo "2014"]
[PlyCount "41"]
[EventDate "2007.11.04"]
[EventType "team-tourn"]
[EventRounds "11"]
[EventCountry "POL"]
[SourceTitle "EXT 2019"]
[Source "ChessBase"]
[SourceDate "2018.10.10"]
[SourceVersion "1"]
[SourceVersionDate "2018.10.10"]
[SourceQuality "1"]

1. e4 c5 2. Nf3 Nc6 3. d4 cxd4 4. Nxd4 g6 5. Nc3 Bg7 6. Be3 Nf6 7. Bc4 0-0 8. 0-0 Nxe4 9. Nxe4 d5 10. Bxd5 Qxd5 11. Nc3 Qe5 12. Nb3 Qf5 13. Qe2 b6 14. Rad1 Bb7 15. Rd2 Rad8 16. Rfd1 Rxd2 17. Rxd2 Rd8 18. Rxd8+ Nxd8 19. Nd4 Qe5 20. Qd2 Bf6 21. Nb3 1-0

[Event "POL-chT3 Kujawsko Pomorskie 0708"]
[Site "Poland"]
[Date "2007.12.02"]
[Round "3.13"]
[White "Pacuszka, Tomasz"]
[Black "Borowski, Piotr"]
[Result "1/2-1/2"]
[WhiteElo "2328"]
[BlackElo "2014"]
[PlyCount "130"]
[EventDate "2007.11.04"]
[EventType "team-tourn"]
[EventRounds "11"]
[EventCountry "POL"]
[SourceTitle "EXT 2019"]
[Source "ChessBase"]
[SourceDate "2018.10.10"]
[SourceVersion "1"]
[SourceVersionDate "2018.10.10"]
[SourceQuality "1"]

1. d4 d5 2. Nf3 e6 3. g3 f5 4. Bg2 Nf6 5. 0-0 Be7 6. c4 c6 7. Nc3 0-0 8. c5 b6 9. cxb6 axb6 10. Bf4 Ba6 11. Re1 Nh5 12. Bxb8 Qxb8 13. Ne5 Qe8 14. e3 Nf6 15. Qa4 c5 16. Qxe8 Rfxe8 17. Na4 c4 18. Nxb6 Rab8 19. Na4 Rb4 20. b3 cxb3 21. axb3 Rxb3 22. Nc5 Bxc5 23. dxc5 Bb5 24. Reb1 Rxb1+ 25. Rxb1 Nd7 26. Nxd7 Bxd7 27. Rb7 Ba4 28. Rb4 Bc6 29. Bf1 Rc8 30. Rb1 Kf7 31. Ra1 Rc7 32. f4 Kf6 33. Ra6 Bd7 34. Ra5 Rb7 35. Kf2 Rb2+ 36. Be2 Ke7 37. Ke1 Kd8 38. h4 Kc7 39. h5 Bc6 40. g4 g6 41. g5 Kb7 42. h6 Bd7 43. Ba6+ Kc7 44. Bd3 Kb7 45. Kd1 Bc6 46. Ba6+ Kc7 47. Be2 Kb7 48. Ra3 Bb5 49. Bxb5 Rxb5 50. Kd2 Rxc5 51. Kd3 Rc4 52. Rb3+ Kc7 53. Rb1 Ra4 54. Rb3 Rc4 55. Ra3 Kb7 56. Ra5 Rb4 57. Rc5 Re4 58. Rc1 Rb4 59. Rc3 Re4 60. Ra3 Rb4 61. Ra1 Rc4 62. Rd1 Rb4 63. Kc3 Rc4+ 64. Kd2 Rb4 65. Rc1 Ra4 1/2-1/2

[Event "POL-ch U18"]
[Site "Krynica"]
[Date "1998.??.??"]
[Round "?"]
[White "Borowski, Piotr"]
[Black "Kulczycki, Daniel"]
[Result "1-0"]
[WhiteElo "2160"]
[BlackElo "2020"]
[PlyCount "80"]
[EventDate "1998.??.??"]
[EventType "swiss"]
[EventRounds "11"]
[EventCountry "POL"]
[SourceTitle "EXT 2002"]
[Source "ChessBase"]
[SourceDate "2001.11.25"]
[SourceVersion "1"]
[SourceVersionDate "2001.11.25"]
[SourceQuality "1"]

1. e4 e6 2. d4 d5 3. e5 c5 4. c3 Qb6 5. Nf3 Bd7 6. a3 Bb5 7. Bd3 Bxd3 8. Qxd3 cxd4 9. cxd4 Nc6 10. 0-0 Nge7 11. b4 Nf5 12. Rd1 Be7 13. Nc3 Nh4 14. Nxh4 Bxh4 15. Na4 Qc7 16. Bd2 a6 17. Rdc1 0-0 18. Rc2 Be7 19. Rac1 f6 20. f4 fxe5 21. fxe5 Rf7 22. Qh3 Rf5 23. Be3 Raf8 24. Nc3 Bd8 25. Ne2 Qd7 26. Ng3 R5f7 27. Qg4 Bb6 28. Re2 Kh8 29. Rf1 Rxf1+ 30. Nxf1 Ne7 31. Ng3 Qa4 32. h3 Qxa3 33. Qxe6 Qxb4 34. Kh2 Bd8 35. Rf2 Rxf2 36. Bxf2 Qc4 37. Be3 Qc6 38. Qf7 Ng8 39. e6 Qc7 40. Bf4 Qe7 1-0